Normal view
MARC view
Entry Personal Name
001 - CONTROL NUMBER
- control field: 1238044
003 - CONTROL NUMBER IDENTIFIER
- control field: OSt
005 - DATE AND TIME OF LATEST TRANSACTION
- control field: 20260430150628.0
008 - FIXED-LENGTH DATA ELEMENTS
- fixed length control field: 260430|| aca||aabn | a|a d
040 ## - CATALOGING SOURCE
- Original cataloging agency: OSt
- Transcribing agency: OSt
100 ## - HEADING--PERSONAL NAME
- Personal name: Allami Karrar Khalaf Jabbar Au.; Sapra Ritu Gu
670 ## - SOURCE DATA FOUND
- Source citation: Work cat.: (OSt)1850249: Allami Karrar Khalaf Jabbar Au.; Sapra Ritu Gu., Future Perspectives of the Auditing Profession in Iraq: A Study of Select Organisations, 2024
